• 首页
  • 本馆介绍
  • 公告通知
  • 最新文献
  • 馆藏检索
  • 电子资源
  • 读者导购
  • 参考咨询
  • 我的图书馆
  • 登录
  • 详细信息显示
  • 放入我的书架
  • 预约/预借图书
  • 作者相关作品
  • 分类相关作品
  • 丛书相关作品
  • 出版社相关作品

书目信息

  • 表格格式
  • 工作单格式
  • 卡片格式
题名:
非金属矿物填料与加工技术
    
 
作者: 袁继祖 编著
分册:  
出版信息: 北京   化学工业出版社  2007
页数: 351页
开本: 20cm
丛书名:
单 册:
中图分类: P619.25 , TD97
科图分类:
主题词: 非金属矿物--加工 , 非金属矿物 , 非金属矿物--填料 , 加工 , 填料
电子资源:
ISBN: 7-5025-9284-9
000 01011nam0 2200301 450
000 01018nam0 2200301 450
000 00948nam0 2200277 450
000 00912nam0 2200265 45
005 20070515113159.54
010    @a7-5025-9284-9@dCNY28.00
100    @a20070308d2007 em y0chiy0120 ea
101 0  @achi
102    @aCN@b110000
105    @ay z 000yy
200 1  @a非金属矿物填料与加工技术@Afei jing shu kuang wu tian liao yu jia gong ji shu@f袁继祖编著
210    @a北京@c化学工业出版社@d2007
215    @a351页@d20cm
330    @a本书主要涉及塑料、橡胶填料、造纸填料和涂布颜料,涂料体质颜料(填料)等,内容包括:矿物填料的物理、化学性质;矿物填料的应用特性;矿物填料的表面改性处理;矿物填料的特性、加工技术及应用。
606 0  @a非金属矿物@x加工
606 0  @a非金属矿物
606 0  @a非金属矿物@x填料
606 0  @a加工
606 0  @a填料
690    @aP619.25@v4
690    @aTD97@v4
701  0 @a袁继祖@Ayuan ji zu@4编著
801  0 @aCN@bTAOJIN@c20070515
905    @a10447@dP619.25@e40
    
    非金属矿物填料与加工技术/袁继祖编著 .-北京:化学工业出版社,2007
    351页;20cm
    
    
    ISBN 7-5025-9284-9:CNY28.00
    本书主要涉及塑料、橡胶填料、造纸填料和涂布颜料,涂料体质颜料(填料)等,内容包括:矿物填料的物理、化学性质;矿物填料的应用特性;矿物填料的表面改性处理;矿物填料的特性、加工技术及应用。
●
相关链接 在E读中查询图书 在五车中查询图书 在当当中查询图书 在豆瓣中查询图书


正题名:非金属矿物填料与加工技术     索取号:P619.25/40         预约/预借

序号 登录号 条形码 馆藏地/架位号 状态 备注
1 0520273   205202733   第二样本阅览室/ [索取号:P619.25/40] 在馆    
2 0520274   205202742   第三借阅区/ [索取号:P619.25/40] 在馆    
3 0520275   205202751   第三借阅区/ [索取号:P619.25/40] 在馆    
4 0520276   205202760   第三借阅区/ [索取号:P619.25/40] 在馆    
5 0520277   205202779   第三借阅区/ [索取号:P619.25/40] 在馆    
6 0520278   205202788   第三借阅区/ [索取号:P619.25/40] 在馆    
唐山师范学院图书馆 欢迎您!
大连网信软件有限公司© 版权所有